Nalaganje...

Security analysis and portfolio management

Bibliografske podrobnosti
Glavni avtor: Ranganatham, M
Drugi avtorji: Madhumathi, R
Format: Printed Book
Izdano: New Delhi Dorling kindersley (India) pvt.ltd. 2014
Izdaja:2
Teme:
LEADER 00805nam a22002417a 4500
003 OSt
020 |a 9788131759202 
082 |a 332.6  |b RAN/SE 
100 |a Ranganatham, M  
245 |a Security analysis and portfolio management  
250 |a 2 
260 |a New Delhi  |b Dorling kindersley (India) pvt.ltd.  |c 2014 
300 |a xxvi, 766p 
546 |a English  
650 |a Stock exchange in India  
650 |a Stock market regulation 
650 |a Services of intermediaries  
650 |a Risk management with derivatives  
650 |a Portfolio management  
700 |a Madhumathi, R 
942 |2 ddc  |c BK 
999 |c 157275  |d 157275 
952 |0 0  |1 0  |2 ddc  |4 0  |6 332_600000000000000_RANSE  |7 0  |8 Gen  |9 156713  |a KAUCLV  |b KAUCLV  |c GENERAL  |d 2017-07-30  |l 1  |o 332.6 RAN/SE  |p 227470  |r 2018-03-26  |s 2018-02-27  |w 2017-07-30  |y BK